[Event "AUTO-OPEN-4333"]
[Site "http://www.queenalice.com/game.php?id=1778450"]
[Date "2021.12.27"]
[Round "1"]
[White "Artking"]
[Black "luhosavi"]
[Result "1/2-1/2"]
[WhiteElo "2122"]
[BlackElo "2348"]

1. Nf3 Nf6 2. d4 e6 3. c4 Bb4+ 4. Nc3 O-O 5. Bg5 h6 6. Bd2 b6 7. g3 Bb7 8. Bg2
d5 9. Ne5 Nc6 10. cxd5 Nxe5 11. dxe5 Nxd5 12. O-O Nxc3 13. Bxc3 Bxc3 14. Bxb7
Bxb2 15. Bxa8 1/2-1/2

[Event "AUTO-OPEN-4333"]
[Site "http://www.queenalice.com/game.php?id=1778451"]
[Date "2021.12.27"]
[Round "1"]
[White "luhosavi"]
[Black "Artking"]
[Result "1-0"]
[WhiteElo "2341"]
[BlackElo "2129"]

1. e4 c5 2. Nf3 d6 3. d4 cxd4 4. Nxd4 Nf6 5. Nc3 a6 6. Be2 g6 7. O-O Bg7 8. Be3
Nc6 9. Qd2 Bd7 10. f4 e5 11. Nb3 O-O 12. fxe5 dxe5 13. Rad1 Qc7 14. Rxf6 Bxf6
15. Qxd7 1-0

[Event "AUTO-OPEN-4334"]
[Site "http://www.queenalice.com/game.php?id=1778726"]
[Date "2021.12.30"]
[Round "1"]
[White "bdpq"]
[Black "luhosavi"]
[Result "0-1"]
[WhiteElo "1715"]
[BlackElo "2359"]

1. e4 c5 2. d3 Nc6 3. Be3 g6 4. Nc3 d6 5. Qf3 Bg7 6. O-O-O Bxc3 7. bxc3 Qa5 8.
Kd2 Qxa2 9. Qe2 Nf6 10. f3 Be6 11. Rc1 O-O 12. g4 d5 13. Ke1 dxe4 14. Qd1 exf3
15. Nxf3 Bxg4 16. Bg2 Rad8 17. h3 Bh5 18. Bxc5 Ne4 19. Ra1 Qd5 20. Be3 Nxc3 21.
Qd2 Bxf3 22. Rg1 Bxg2 23. Rxg2 Qf3 24. d4 Nd5 25. Rf2 Qxe3+ 26. Qxe3 Nxe3 27.
Re2 Nxd4 28. Rxe3 Nxc2+ 29. Kf2 Nxa1 30. Rxe7 Rfe8 31. Rxb7 Rd2+ 32. Kf3 Nc2 33.
Rxa7 Re3+ 34. Kg4 Rd4+ 35. Kg5 Kg7 36. h4 h6# 0-1

[Event "AUTO-OPEN-4334"]
[Site "http://www.queenalice.com/game.php?id=1778727"]
[Date "2021.12.30"]
[Round "1"]
[White "luhosavi"]
[Black "bdpq"]
[Result "1-0"]
[WhiteElo "2347"]
[BlackElo "1693"]

1. e4 d5 2. exd5 Qxd5 3. Nc3 Qd8 4. Nf3 e6 5. d4 Bb4 6. Bd3 Bxc3+ 7. bxc3 Nf6 8.
O-O O-O 9. Ne5 Qd5 10. c4 Qa5 11. Bg5 Nfd7 12. Qh5 g6 13. Qh6 Nxe5 14. Bf6 1-0

[Event "AUTO-OPEN-4334"]
[Site "http://www.queenalice.com/game.php?id=1778738"]
[Date "2021.12.30"]
[Round "1"]
[White "ricardoguevara"]
[Black "luhosavi"]
[Result "0-1"]
[WhiteElo "1472"]
[BlackElo "2361"]

1. e4 e6 2. Nf3 d5 3. d3 c5 4. Nc3 Nc6 5. g3 Be7 6. Bg2 Nf6 7. exd5 exd5 8. O-O
O-O 9. Bg5 h6 10. Bxf6 Bxf6 11. a3 Be6 12. b4 Bxc3 13. bxc5 Bxa1 14. Qxa1 Re8
15. Ne5 Nxe5 16. Qxe5 Rc8 17. d4 Bh3 18. Qf4 Bxg2 19. Kxg2 Re4 20. Qd2 b6 21.
cxb6 Qxb6 22. c3 Qa6 23. f3 Re2+ 24. Qxe2 Qxe2+ 25. Kg1 Rxc3 26. h4 Rc2 27. g4
Qg2# 0-1

[Event "AUTO-OPEN-4334"]
[Site "http://www.queenalice.com/game.php?id=1778739"]
[Date "2021.12.30"]
[Round "1"]
[White "luhosavi"]
[Black "ricardoguevara"]
[Result "1-0"]
[WhiteElo "2360"]
[BlackElo "1474"]

1. e4 e5 2. Nf3 Nc6 3. d4 Bb4+ 4. c3 Ba5 5. dxe5 d6 6. exd6 cxd6 7. Bc4 Be6 8.
Bxe6 fxe6 9. Bg5 Nf6 10. O-O O-O 11. Nbd2 d5 12. e5 h6 13. exf6 gxf6 14. Bxh6
Kf7 15. Bxf8 Qxf8 16. Nd4 Nxd4 17. cxd4 Rc8 18. Qh5+ Ke7 19. Nb3 Bb6 20. Rac1
Rxc1 21. Rxc1 Qb8 22. Qh7+ Kd6 23. Qf7 Bxd4 24. Nxd4 Ke5 25. Qxe6+ Kxd4 26. Qe3#
1-0

[Event "AUTO-ELITE-2386"]
[Site "http://www.queenalice.com/game.php?id=1778850"]
[Date "2021.12.31"]
[Round "1"]
[White "luhosavi"]
[Black "Sexxy_Bunny"]
[Result "1/2-1/2"]
[WhiteElo "2347"]
[BlackElo "2844"]

1. e4 c5 2. Nc3 Nc6 3. f4 g6 4. Nf3 Bg7 5. Bb5 Nd4 6. O-O Nxb5 7. Nxb5 d5 8.
exd5 a6 9. Nc3 Nf6 10. d4 Nxd5 11. dxc5 Nxc3 12. Qxd8+ Kxd8 13. bxc3 Bxc3 14.
Rb1 Kc7 15. Rb3 Bf6 16. Bd2 Be6 17. Ba5+ Kc6 18. Rb6+ Kxc5 19. Nd2 Bxa2 20. Rd1
Bd4+ 21. Kf1 f5 22. Rxb7 Kc6 23. Rc7+ Kb5 24. Nb3 Bxb3 25. Rxd4 Rhd8 26. Rxd8
Rxd8 27. cxb3 Kxa5 28. Rxe7 Kb4 29. Rxh7 Kxb3 30. Ra7 Rd6 31. Ke2 Kb4 32. h3 a5
33. Rb7+ Kc5 34. Ra7 Kb5 35. g4 a4 36. Rb7+ Kc4 37. gxf5 gxf5 38. Rc7+ Kb5 39.
Rb7+ Kc5 40. Rc7+ Kb5 41. Rb7+ Ka6 42. Rb8 Rd4 43. Ke3 Re4+ 44. Kd3 Rxf4 45. Rf8
Kb5 46. h4 a3 47. Kc2 Kc4 48. h5 a2 49. Kb2 Rf2+ 50. Ka1 1/2-1/2

[Event "AUTO-ELITE-2386"]
[Site "http://www.queenalice.com/game.php?id=1778851"]
[Date "2021.12.31"]
[Round "1"]
[White "Sexxy_Bunny"]
[Black "luhosavi"]
[Result "1-0"]
[WhiteElo "2837"]
[BlackElo "2358"]

1. e4 c5 2. Nf3 Nc6 3. d4 cxd4 4. Nxd4 g6 5. c4 Nf6 6. Nc3 d6 7. Be2 Nxd4 8.
Qxd4 Bg7 9. Be3 O-O 10. Qd2 Be6 11. Rc1 Qa5 12. f3 Rfc8 13. b3 a6 14. Na4 Qxd2+
15. Kxd2 Nd7 16. g4 Rc6 17. Rhg1 Rac8 18. f4 Nc5 19. Nxc5 dxc5 20. Kc2 Rd8 21.
Rgd1 Bd4 22. e5 Kg7 23. Bf3 Rc7 24. Bxd4 cxd4 25. Kd3 b6 26. Rg1 a5 27. h4 h6
28. f5 Bd7 29. Bd5 e6 30. f6+ Kg8 31. Bh1 Bc8 32. g5 h5 33. Rgf1 Rc5 34. Rf4
Rxe5 35. Rxd4 Rxd4+ 36. Kxd4 Re2 37. Bc6 e5+ 38. Kd5 e4 39. Kd6 e3 40. Ke7 Rf2
41. Re1 e2 42. Bd5 Bg4 43. Bxf7+ Kh7 44. Be6 Bxe6 45. Kxe6 Kg8 46. Ke7 Kh7 47.
a3 1-0